000 01541nam0a2200349 4500
001 RU\NLR\BIBL_A\022505258
005 20260408234906.0
010 _a978-5-94759-395-2
_9500
035 _a(NLR Aleph) 022505258
090 _a13428030
_c13428030
100 _a20250328d2025 |||y0rusy50 ca
101 0 _arus
102 _aRU
105 _ay w 000zy
181 0 _ai3
_baxxe
182 0 _an
200 1 _aДеяния святых апостолов, изъясненные профессором Московской Духовной Академии Димитрием Боголеповым
_eпоследовательное истолковательное чтение
203 _aТекст
_bвизуальный
_cнепосредственный
210 _aМосква
_cПравило веры
_d2025
215 _a319 с.
_d17
225 1 _aТолковый Апостол
500 _aБиблия
_iН.З.
_iДеяния апостолов
_3RU\NLR\AUTH\559153
_92631193
605 _aБиблия
_iНовый Завет
_iДеяния Апостолов
_xТолкование
_92179215
_3RU\NLR\AUTH\661310584
606 1 _a"Апостольские чтения"
_92282135
_3RU\NLR\AUTH\661367221
686 1 _aЭ37-220.912
686 2 _aЭ372.24-503.14
702 1 _4212
_aБоголепов
_bД. П.
_f1845-1880
_gДмитрий Павлович
_9171082
_3RU\NLR\AUTH\770171132
942 _cBOOK
980 _aNB